| 000 | 00395 a2200133 4500 | ||
|---|---|---|---|
| 001 | 92278 | ||
| 082 | _aPR 2526 | ||
| 090 |
_c44226 _d44225 |
||
| 100 | _aHammad Aziz Mirza; Prof Ammar Saleem and Dr. Azhar Hassan (Advisors) | ||
| 245 |
_aDevelopment of synthetic Apperture Radar (SAR) for PAF _n77 "B" EC |
||
| 260 |
_aIslamabad _bNUST _c2014 |
||
| 300 | _axi,90p. | ||
| 500 | _aBE Project Reports | ||
| 942 |
_aCAE NUST _kPR 2526 |
||
| 999 |
_c327351 _d327351 |
||